• 首页
  • 本馆介绍
  • 公告通知
  • 最新文献
  • 馆藏检索
  • 电子资源
  • 读者导购
  • 参考咨询
  • 我的图书馆
  • 登录
  • 详细信息显示
  • 放入我的书架
  • 预约/预借图书
  • 作者相关作品
  • 分类相关作品
  • 丛书相关作品
  • 出版社相关作品

书目信息

  • 表格格式
  • 工作单格式
  • 卡片格式
题名:
在学校教育中学作研究
    
 
作者: 刘玉莲 编著
分册:  
出版信息: 北京   首都师范大学出版社  2006
页数: 462页
开本: 25cm
丛书名:
单 册:
中图分类: G420
科图分类:
主题词: 教学研究--方法--农村学校--师资培训--学习参考资料 , 教学研究 , 农村学校 , 师资培训 , 方法
电子资源:
ISBN: 7-81119-008-7
000 00917nam0 2200289 450
000 00923nam0 2200289 450
000 00856nam0 2200265 450
000 00820nam0 2200253 45
005 20070727141514.58
010    @a7-81119-008-7@dCNY38.00
100    @a60070522d200 em y0chiy0120 ea
101 0  @achi
102    @aCN@b110000
105    @aa z 000yy
200 1  @a在学校教育中学作研究@AZai Xue Xiao Jiao Yu Zhong Xue Zuo Yan Jiu@f刘玉莲编著@FLiu Yu Lian Bian Zhu
210    @a北京@c首都师范大学出版社@d2006
215    @a462页@c图@d25cm
330    @a本书是受UNDP403项目云南省项目办公室委托,为农村教师学习与培训而编写的教材。
606 0  @a教学研究@x方法@x农村学校@x师资培训@j学习参考资料
606 0  @a教学研究
606 0  @a农村学校
606 0  @a师资培训
606 0  @a方法
690    @aG420@v4
701  0 @a刘玉莲@ALiu Yu Lian@4编著
801  0 @aCN@bTAOJIN@c20070727
905    @a10447@dG420@e184
    
    在学校教育中学作研究/刘玉莲编著.-北京:首都师范大学出版社,2006
    462页:图;25cm
    
    
    ISBN 7-81119-008-7:CNY38.00
    本书是受UNDP403项目云南省项目办公室委托,为农村教师学习与培训而编写的教材。
●
相关链接 在E读中查询图书 在五车中查询图书 在当当中查询图书 在豆瓣中查询图书


正题名:在学校教育中学作研究     索取号:G420/184         预约/预借

序号 登录号 条形码 馆藏地/架位号 状态 备注
1 0821060   208210602   第一样本阅览室/ [索取号:G420/184] 在馆    
2 0821061   208210611   第四借阅区/ [索取号:G420/184] 在馆    
3 0821062   208210620   第四借阅区/ [索取号:G420/184] 在馆    
4 0821063   208210639   第四借阅区/ [索取号:G420/184] 已借出,限还日期为2012.02.27
借出人:黎延凯  
 
5 0821064   208210648   第四借阅区/ [索取号:G420/184] 在馆    
唐山师范学院图书馆 欢迎您!
大连网信软件有限公司© 版权所有